000 00504nam a2200181Ia 4500
008 090124s9999 xx 000 0 und d
082 _b101469
100 _aसाने गीता जनार्दन
245 _a लतिका
250 _a1
260 _c1937
300 _a100
600 _aसाने गीता जनार्दन
630 _a लतिका
700 _aसाने गीता जनार्दन
730 _a लतिका
942 _cBOOK
999 _c147561
_d147561